00839nam a22002417a 450000500170000001000130001702000230003003500130005303700160006604000120008208200160009410000300011024500730014024600060021326000410021927000460026030000260030665000480033265000430038094200250042399900190044895201300046720170124110018.0 aA-707284 c190.00a8171940927 aA-707284 bCen Lib/Ret aDPLbEN a343.04bSIN aSinghania, Vinod K912242 aTaxmann's direct taxes : cby Vinod K. Singhaniablaw and practice / b  aNew DelhibTaxmann Pubicationsc1994 a59/32, New Rohtak RoadbNew Delhie110005 axxiv,1003p.c23cm(Hb) aDirect taxation--Law and legislation919054 aWealth tax--Law and legislation915022 2ddccENh343.04mSIN c126986d126986 00104070aLbLd2015-06-27eCen Lib/Ret g190.00l0o343.04 SINpA-707284r2015-06-27 00:00:00t1v190.00w2015-06-27yEN